Sages, Nymphs and Deities: (Record no. 191145)

MARC details
000 -LEADER
fixed length control field 00578nam a22001817a 4500
005 - DATE AND TIME OF LATEST TRANSACTION
control field 20220822104853.0
010 ## - LCCN (DPL NO)
LC control number ENG-134519
020 ## - INTERNATIONAL STANDARD BOOK NUMBER
International Standard Book Number 9788192557366
Terms of availability 850.00
035 ## - SYSTEM CONTROL NUMBER
System control number EN-118051
037 ## - SOURCE OF ACQUISITION
Source of stock number/acquisition DBAD/PUB
082 ## - DEWEY DECIMAL CLASSIFICATION NUMBER
Classification number 294.513
100 ## - MAIN ENTRY--PERSONAL NAME
Personal name Naravane, V.S.
245 ## - TITLE STATEMENT
Title Sages, Nymphs and Deities:
Remainder of title Excursions in Indian Mythology/
Statement of responsibility, etc V.S. Naravane
260 ## - PUBLICATION, DISTRIBUTION, ETC. (IMPRINT)
Place of publication, distribution, etc New Delhi
Name of publisher, distributor, etc Pawan Publications
Date of publication, distribution, etc 2015
270 ## - ADDRESS
Address H-1/48, Bengali Colony, Mahaveer Enclave
City New Delhi
Postal code 110045
300 ## - PHYSICAL DESCRIPTION
Extent ix, 304p.
Other physical details Index
Dimensions 22cm(hb)
942 ## - ADDED ENTRY ELEMENTS (KOHA)
Source of classification or shelving scheme Dewey Decimal Classification
Item type English Books
Classification part 294.513
Call number suffix NAR
Holdings
Withdrawn status Lost status Not for loan Collection code Home library Current library Date acquired Source of acquisition Cost, normal purchase price Full call number Barcode Copy number Cost, replacement price Koha item type
      Non-fiction Ashok Vihar Ashok Vihar 22/08/2022 DBAD/PUB 850.00 294.513 NAR EN-118051 1 850.00 English Books

© Delhi Public Library
Hit Counter
free hit counter